Statistiques concernant QCM - Lignes de RER

Cliquez ici pour prendre le quiz!

Statistiques générales

  • Ce quiz a été pris 774 fois
  • Le résultat moyen est 9 sur 15

Statistiques - réponses

QuestionRéponse% Correct
Desservant l'aéroport de RoissyB
92%
Officiellement appelée EoleE
87%
La plus fréquentéeA
80%
Ne desservant ni Châtelet-Les Halles ni la gare du NordC
80%
Comptant le plus de terminusC
76%
Desservant des gares non franciliennesD
72%
Desservant le plus de garesC
71%
Desservant le plus de gares dans ParisC
66%
Desservant l'aéroport d'OrlyC
47%
Ayant la ponctualité la plus basseD
46%
Comptant le plus de correspondances avec les quatre autres lignesB
40%
La plus fréquentée par les touristesC
38%
Réseau le plus longD
38%
Desservant le plus de préfecturesD
23%
Desservant tous les départements d'Île-de-FranceB
21%

Distribution des résultats

Percentile par nombre de réponses

% des personnes avec chaque résultat

Votre développement - résultats

Vous n’avez pas pris ce quiz